[Event "Altibox Norway Chess 2017"]
[Site "Stavanger"]
[Date "2017.06.12"]
[Round "6"]
[White "Caruana, Fabiano"]
[Black "Anand, Viswanathan"]
[Result "0-1"]
[WhiteElo "2805"]
[BlackElo "2786"]
[Annotator "TA"]
[PlyCount "94"]
[EventDate "2017.??.??"]
[EventType "tourn"]
[EventCountry "NOR"]
[SourceTitle "playchess.com"]
[Source "ChessBase"]
[SourceQuality "1"]

{[%evp 12,94,19,15,19,22,17,18,27,16,25,8,31,0,0,0,0,0,0,0,0,-34,-7,-20,0,0,-9,-29,-20,-53,-55,-64,-62,-64,-73,-100,-101,-99,-98,-138,-81,-83,-61,-114,-90,-95,-95,-97,-99,-102,-102,-114,-93,-103,-35,-86,-23,-85,-78,-85,-85,-204,-202,-246,-232,-271,-235,-363,-353,-334,-310,-372,-320,-333,-310,-264,-249,-435,-300,-654,-636,-29989,-29990,-29990,-29991]} 1. c4 e5 2. Nc3 Bb4 3. Nd5 Bc5 4. Nf3 c6 5. Nc3 d6 6. e3 {A21: English Opening: 1...e5 2 Nc3} (6. g3 Nf6 7. Bg2 O-O 8. O-O Re8 9. d3 h6 10. Na4 Bb4 11. a3 Ba5 12. b4 Bc7 {½-½ (44) Caruana,F (2823)-Anand,V (2779) London 2016}) 6... Bb4 7. d4 {LiveBook: 11 Games} Nd7 $146 ({Predecessor:} 7... Bxc3+ 8. bxc3 e4 9. Nd2 Nf6 10. Ba3 b6 11. f4 c5 12. Be2 h5 {½-½ (46) Nakamura,H (2779)-Anand,V (2779) Saint Louis 2016}) 8. Qc2 {The position is equal.} (8. Bd2 {is more complex.} Ngf6 9. Qc2 O-O 10. a3 Ba5 11. Be2) 8... Ngf6 9. a3 Bxc3+ 10. Qxc3 O-O 11. Be2 Re8 12. b4 e4 13. Nd2 d5 14. a4 dxc4 15. Nxc4 Nb6 16. Na5 {[%cal Bc4a5,Ba5b3,Bb3c5][%mdl 32]} Nbd5 (16... Nfd5 $5 {[%cal Rd5c3]} 17. Qc5 Re6 $15) 17. Qd2 Qc7 18. h3 Re6 19. Ba3 a6 20. Nb3 Ne8 21. Nc5 Rg6 22. g3 Nd6 23. a5 Bf5 24. Qc2 Re8 25. O-O-O Qc8 (25... Nb5 $142 26. Bxb5 cxb5) 26. g4 $17 Bd7 27. Kb1 (27. Qd2 $15) 27... f5 28. gxf5 Rf6 29. Rdg1 Bxf5 30. h4 Ref8 31. Rh2 Kh8 32. Qd2 Rg6 (32... Qb8 $17 {White must now prevent ...Nb5.} 33. Rg3 Bc8) 33. Rxg6 $1 $15 hxg6 ({Black should try} 33... Bxg6 $17 34. Qe1 Bf5) 34. h5 (34. Bd1 $1 $11) 34... g5 $17 {[%cal Bg6g5,Bg5g4][%mdl 32]} 35. h6 g6 36. Bb2 (36. Bd1 $17 {might work better.}) 36... Bg4 $19 37. Bf1 Kh7 38. Ka1 Bf3 {[#] ...Qg4 is the strong threat.} 39. Rh3 (39. Qe1 $142) 39... g4 40. Rg3 Rf5 ({Weaker is} 40... Kxh6 41. Rg1 $17) 41. Na4 Qf8 42. Nb6 Qxh6 43. Nxd5 {[#] aiming for Nb6.} cxd5 ({Don't play} 43... Rxd5 44. Be2 $19) 44. Qc1 $2 (44. b5) 44... Qh1 45. Qc7+ $2 (45. b5 axb5 46. Ba3) 45... Rf7 46. Qxd6 Qxf1+ 47. Ka2 Be2 {Precision: White = 37%, Black = 85%.} 0-1

[Event "Altibox Norway Chess 2017"]
[Site "Stavanger"]
[Date "2017.06.12"]
[Round "6"]
[White "Aronian, Levon"]
[Black "Kramnik, Vladimir"]
[Result "1-0"]
[WhiteElo "2793"]
[BlackElo "2808"]
[Annotator "TA"]
[PlyCount "67"]
[EventDate "2017.??.??"]
[EventType "tourn"]
[EventCountry "NOR"]
[SourceTitle "playchess.com"]
[Source "ChessBase"]
[SourceQuality "1"]

{[%evp 25,67,0,0,0,0,0,0,0,13,0,0,0,0,0,50,48,174,142,355,350,358,337,577,278,278,279,278,278,270,269,326,333,319,318,424,404,406,400,439,465,520,493,2947,2722]} 1. d4 d5 2. c4 e6 3. Nf3 Nf6 4. Nc3 c5 5. cxd5 Nxd5 6. e4 Nxc3 7. bxc3 cxd4 8. cxd4 Bb4+ 9. Bd2 Bxd2+ 10. Qxd2 O-O 11. Bc4 Nd7 12. O-O {D41: Queen's Gambit Declined: Semi-Tarrasch with 5 cxd5} b6 13. Rac1 (13. a4 Bb7 14. Bd3 Nf6 15. Rfe1 h6 16. a5 bxa5 17. Rxa5 Qc7 18. Qb4 Rfb8 19. Qa3 Rc8 {½-½ (59) Svidler,P (2755)-Kramnik,V (2811) Sochi 2017}) 13... Bb7 {LiveBook: 6 Games} 14. d5 {The position is equal.} Nc5 15. Rfe1 Qf6 $146 ({Predecessor:} 15... exd5 16. exd5 Qf6 17. Rcd1 Rad8 18. Qe3 h6 19. Ne5 Rd6 {½-½ (43) Kaszowski,D (2299)-Hnydiuk,A (2366) Opole 2006}) 16. Qe3 Rac8 17. e5 Qg6 18. d6 f6 19. Nh4 $36 {[%mdl 2048] White is pushing.} Qg4 (19... Qh5 $5 {[%cal Rh5h4]} 20. g3 Kh8 $11) 20. g3 fxe5 (20... Kh8 $14) 21. Qxe5 $18 Rcd8 $2 {[#]} (21... Kh8 $16) 22. f4 ({Weaker is} 22. Bxe6+ Nxe6 23. Qxe6+ Qxe6 $14) 22... Rf6 23. Rc3 Rh6 $2 (23... Ba6 {was called for.} 24. Bxa6 Nxa6) 24. Be2 (24. Nf5 $142 Rg6 25. Ne7+ Kh8 26. Be2) 24... Qh3 {[#] Strongly threatening ...Rxh4.} 25. Qg5 Qxh4 26. gxh4 Rg6 27. Rd1 ({Less strong is} 27. Rxc5 bxc5 28. Bg4 Rxg5 $14) 27... Bd5 28. f5 ({Inferior is} 28. Rxd5 exd5 29. Re3 Ne4 $17) 28... Rxg5+ 29. hxg5 Kf8 30. fxe6 Bxe6 31. Bc4 Bf5 32. Re3 {White is clearly winning.} g6 33. Re7 Rd7 (33... Ne4 $142 34. Rxa7 Nxg5) 34. Rde1 {Precision: White = 74%, Black = 28%.} 1-0

[Event "Altibox Norway Chess 2017"]
[Site "Stavanger"]
[Date "2017.06.12"]
[Round "6"]
[White "Nakamura, Hikaru"]
[Black "Karjakin, Sergey"]
[Result "1/2-1/2"]
[WhiteElo "2785"]
[BlackElo "2781"]
[Annotator "TA"]
[PlyCount "107"]
[EventDate "2017.??.??"]
[EventType "tourn"]
[EventCountry "NOR"]
[SourceTitle "playchess.com"]
[Source "ChessBase"]
[SourceQuality "1"]

{[%evp 18,107,11,4,4,4,4,3,7,6,6,6,27,27,41,42,46,45,61,60,68,57,72,58,61,9,13,21,44,42,49,37,36,36,36,36,44,44,43,42,42,42,47,34,44,41,53,43,46,45,51,51,51,52,52,52,55,39,48,47,47,39,39,39,39,37,37,38,37,37,43,28,39,10,10,0,48,10,10,10,48,0,0,0,0,0,0,0,0,0,0,0]} 1. d4 Nf6 2. c4 e6 3. Nc3 Bb4 4. Qc2 d5 5. cxd5 Qxd5 6. e3 c5 7. Bd2 Bxc3 8. Bxc3 cxd4 9. Bxd4 Nc6 10. Bc3 O-O {E34: Nimzo-Indian: Classical: 4...d5} (10... e5 11. Nf3 O-O 12. Be2 Re8 13. O-O Qe4 14. Rfc1 Qxc2 15. Rxc2 Bf5 16. Rcc1 Ne4 17. Be1 f6 18. Bb5 {½-½ (34) Khairullin,I (2662)-Karjakin,S (2753) Chita 2015}) 11. Nf3 Rd8 12. Be2 Qe4 13. Rc1 Qxc2 14. Rxc2 Ne4 15. Ne5 Bd7 16. Nxc6 Bxc6 17. Ba5 $146 ({Predecessor:} 17. Bd4 Nd6 18. O-O {1-0 (41) Biriukov,O (2339)-Pfretzschner,R (2240) Pardubice 2011}) 17... Rdc8 18. f3 $1 {[%cal Rf3e4]} Nf6 19. Kf2 Bd5 20. Rxc8+ Rxc8 21. b3 (21. e4 $14 Bxa2 22. Ra1) 21... Rc2 $11 22. Ra1 e5 23. e4 Be6 24. Rd1 {[#] Threatening mate with Rd8+.} (24. Ke3 {with more complications.} Nd7 25. Bd2 Nb8 26. Kd3 Rc8 27. Rc1) 24... Nd7 25. Rd2 Rxd2 26. Bxd2 $14 {[%mdl 4096] Endgame KBB-KBN} f6 27. Bb4 Nb8 28. Bd6 Nc6 29. Ke3 Kf7 30. h4 Ke8 31. g3 Kd7 32. Bf8 g6 33. g4 h5 34. gxh5 gxh5 35. f4 Bf7 36. Bb5 a6 37. Bf1 (37. Bxc6+ $5 Kxc6 38. Be7 $16) 37... Ke8 38. Bc5 Kd7 39. f5 Ne7 40. Be2 Nc8 41. Bf8 Nd6 42. Kd3 a5 43. Bd1 b6 44. a3 Be8 45. b4 axb4 46. axb4 Bf7 47. Bxd6 Kxd6 {KB-KB} 48. Kc3 b5 49. Bb3 Bxb3 {The position is equal.} 50. Kxb3 Kc6 51. Kc3 Kd6 52. Kb3 Kc6 53. Kc3 Kd6 54. Kb3 {Precision: White = 61%, Black = 60%.} 1/2-1/2

[Event "Altibox Norway Chess 2017"]
[Site "Stavanger"]
[Date "2017.06.12"]
[Round "6"]
[White "Giri, Anish"]
[Black "So, Wesley"]
[Result "1/2-1/2"]
[WhiteElo "2771"]
[BlackElo "2812"]
[Annotator "TA"]
[PlyCount "118"]
[EventDate "2017.??.??"]
[EventType "tourn"]
[EventCountry "NOR"]
[SourceTitle "playchess.com"]
[Source "ChessBase"]
[SourceQuality "1"]

{[%evp 10,118,16,0,18,22,18,16,25,27,7,8,41,25,25,15,24,16,16,16,21,10,14,8,32,30,39,49,43,54,44,29,23,26,60,45,41,5,97,86,168,168,175,175,175,172,168,167,167,167,161,109,109,109,112,122,116,114,148,145,145,145,145,145,145,145,145,145,110,15,15,15,62,0,0,0,0,0,0,0,0,0,0,0,0,0,0,0,0,0,9,9,16,0,0,0,0,0,0,0,0,0,0,0,0,0,0,0,0,0,0]} 1. c4 c5 2. Nc3 g6 3. g3 Nc6 4. Bg2 Bg7 5. Nf3 e6 6. h4 {LiveBook: 26 Games. A37: Symmetrical English vs ...g6: 4 Bg2 Bg7 5 Nf3} (6. d4 cxd4 7. Nb5 d5 8. cxd5 exd5 9. O-O Nge7 10. Bf4 O-O 11. Qd2 Nf5 12. g4 Nfe7 13. h3 a6 14. Nd6 h6 15. Nxc8 Rxc8 16. Bxh6 f5 17. Bxg7 Kxg7 18. Nxd4 {0-1 (62) Grischuk,A (2754)-Carlsen,M (2857) chess.com INT 2016}) 6... Nf6 7. d4 cxd4 8. Nxd4 O-O 9. O-O d5 10. cxd5 $146 ({Predecessor:} 10. Nxc6 bxc6 11. Qa4 Qb6 12. Be3 Qa6 13. Rac1 Nd7 {1-0 (63) Le Roux,J (2276)-Vallin,G (2396) Amiens 2001}) 10... Nxd5 (10... exd5 {is interesting.} 11. Nb3 Be6 12. Bg5 h6 13. Be3 Re8) 11. Nxc6 bxc6 12. Bd2 Nxc3 13. Bxc3 Bxc3 14. bxc3 Ba6 15. Qc2 Qa5 16. Rfd1 Qc5 17. Rd7 Rad8 18. Rad1 Rxd7 19. Rxd7 Bc4 20. Qd2 a5 21. Bf3 Qa3 22. h5 {[%cal Bh4h5,Bh5h6][%mdl 32]} Qxa2 23. Qd4 {Intending h6 and mate.} c5 ({Weaker is} 23... Bxe2 24. h6 f6 25. Qd6 Qb1+ 26. Kh2 Re8 27. Rg7+ Kh8 28. Qd7 Qg1+ 29. Kxg1 Rf8 30. Rxh7+ Kg8 31. Qg7#) (23... gxh5 $1 $11 24. Qf4 Qb1+ 25. Kh2 Qb5) 24. Qe3 $16 {[%mdl 1024] White has strong compensation.} a4 (24... Qa4 $16 25. Ra7 Qb5) 25. Kg2 Qb1 {[#]} 26. h6 $1 {Qe5 would kill now.} Qf5 27. g4 Qf6 28. Qxc5 {Threatens to win with g5.} Bd5 29. e4 ({Don't do} 29. Bxd5 exd5 30. Rxd5 Qf4 $16) 29... Ba8 {[#]} 30. Ra7 (30. Qc4 $1 $18) 30... e5 31. Rxa4 Qf4 32. Qe3 Qxe3 33. fxe3 {[%mdl 4096] Endgame KRB-KRB} Rc8 34. Ra5 Kf8 35. Kg3 Bc6 36. c4 Bd7 37. Be2 Be6 38. Rxe5 Bxc4 39. Bxc4 (39. Bf3 $16) 39... Rxc4 {KR-KR} 40. Kf4 Rc6 41. g5 (41. Rb5 $14) 41... Rc1 $11 {The position is equal.} 42. Ra5 Ke7 43. Ke5 Rc7 44. Rb5 Ra7 45. Rc5 Rb7 46. Ra5 Rc7 47. Ra8 Rc5+ 48. Kf4 Rc1 $1 49. Ra7+ Ke6 50. Ra6+ Ke7 51. e5 Rf1+ 52. Ke4 Rg1 53. Ra8 (53. e6 $5) 53... Rxg5 54. Ra7+ Ke6 55. Ra6+ Ke7 56. Kd5 Rh5 57. Ra7+ Kf8 $1 58. Ra8+ Ke7 59. Ra7+ Kf8 $1 {Precision: White = 68%, Black = 64%.} 1/2-1/2

[Event "Altibox Norway Chess 2017"]
[Site "Stavanger"]
[Date "2017.06.14"]
[Round "7"]
[White "So, Wesley"]
[Black "Caruana, Fabiano"]
[Result "1/2-1/2"]
[WhiteElo "2812"]
[BlackElo "2808"]
[Annotator "TA"]
[PlyCount "133"]
[EventDate "2017.??.??"]
[EventType "tourn"]
[EventCountry "NOR"]
[SourceTitle "playchess.com"]
[Source "ChessBase"]
[SourceQuality "1"]

{[%evp 25,133,15,19,15,26,20,22,14,5,12,41,47,42,43,41,40,47,52,67,61,60,60,67,67,67,67,66,64,81,77,79,76,82,74,87,78,100,58,96,101,105,103,122,118,109,64,64,64,64,64,64,64,64,60,59,60,60,57,54,50,49,45,51,50,54,52,58,58,103,83,82,58,57,57,57,57,57,56,68,68,76,76,76,76,90,89,97,66,66,66,75,62,67,67,75,73,106,15,19,8,8,8,8,0,0,-8,-8,-8,-8,-8]} 1. d4 d5 2. c4 dxc4 3. e3 Nf6 4. Bxc4 e6 5. Nf3 c5 6. O-O a6 7. dxc5 Bxc5 8. Qxd8+ Kxd8 9. Be2 {D27: Queen's Gambit Accepted: Classical main line: 7 e4!? and 7 a4} (9. Nbd2 Ke7 10. b3 b6 11. Be2 a5 12. Ne5 Ba6 13. Ndc4 Nfd7 14. Nxd7 Nxd7 15. Bb2 f6 16. Rfd1 Rhd8 17. a3 Rac8 {½-½ (45) Nakamura,H (2785)-Caruana,F (2827) Caleta 2017}) 9... Ke7 10. Ne5 Nbd7 11. Nd3 Bd6 12. Nd2 {[%cal Bb1d2,Bd2b3,Bb3a5][%mdl 32]} b5 13. Nb3 Bb7 {LiveBook: 5 Games} 14. Na5 Bd5 15. Bd2 Rhc8 {aiming for ...Rc2.} 16. Rfc1 $146 ({Predecessor:} 16. Nb4 Be5 {0-1 (40) Oganian,M (2452)-Lintchevski,D (2524) Moscow 2017}) 16... Ne5 17. Nb4 Nc4 (17... g5 {looks sharper.} 18. Bc3 Bc7 19. a3 Be4 20. f3 Bxa5 21. Bxe5 Bb7) 18. Nxc4 bxc4 19. Nxd5+ exd5 20. Bc3 Rab8 21. Rc2 Bb4 22. Be5 Bd6 23. Bd4 Bc5 24. Bxf6+ $1 Kxf6 25. Rd1 Rd8 26. Rcd2 Be7 27. Bf3 d4 28. exd4 Rb4 29. Rc2 Rdb8 30. Rdd2 Kg6 31. a3 R4b6 32. g3 Bg5 33. Re2 Bf6 34. Be4+ Kh6 35. Red2 Re8 36. Bd5 Rxb2 $1 37. Bxf7 c3 38. Rxb2 Rd8 39. Rdc2 cxb2 40. Rxb2 Bxd4 $14 {[%mdl 4096] Endgame KRB-KRB} 41. Rb4 g6 42. Ra4 Rd6 43. Kf1 Bb2 44. Ra5 Rc6 45. a4 Kg7 46. Bd5 Rc1+ 47. Kg2 Rc2 48. Be4 Rd2 49. Rxa6 Bd4 50. Rd6 Rxf2+ 51. Kh3 Be3 52. a5 {[%cal Ba4a5,Ba5a6][%mdl 32]} Ra2 53. a6 Bg1 54. Kg4 Ra3 55. Rd1 Bc5 56. Rd7+ Kf6 57. Bd3 Bg1 58. h3 Ke6 59. Bb5 h5+ 60. Kf4 h4 {[#]} 61. gxh4 (61. Rd3 $1 $16 {[%cal Rd3a3]} g5+ 62. Kf3 (62. Kxg5 Rxd3 63. Bxd3 hxg3 $14) 62... Rxd3+ 63. Bxd3) 61... Rxa6 $1 $11 {The position is equal.} 62. Rg7 Kf6 $1 63. Rxg6+ Kxg6 {[#]} 64. h5+ $1 {[%mdl 512]} Kxh5 {Hoping for ...Bh2+.} 65. Be2+ Kh4 66. Bxa6 Kxh3 67. Ke4 {Precision: White = 71%, Black = 68%.} 1/2-1/2

[Event "Altibox Norway Chess 2017"]
[Site "Stavanger"]
[Date "2017.06.14"]
[Round "7"]
[White "Kramnik, Vladimir"]
[Black "Carlsen, Magnus"]
[Result "1-0"]
[WhiteElo "2808"]
[BlackElo "2832"]
[Annotator "TA"]
[PlyCount "79"]
[EventDate "2017.??.??"]
[EventType "tourn"]
[EventCountry "NOR"]
[SourceTitle "playchess.com"]
[Source "ChessBase"]
[SourceQuality "1"]

{[%evp 21,79,5,15,6,39,37,39,39,40,35,63,68,68,71,64,19,50,13,12,37,20,0,14,8,8,8,9,8,8,8,102,101,149,139,345,333,333,329,305,295,610,594,616,612,550,550,550,550,572,543,29973,29974,29974,29973,29972,29974,29974,29975,29971,29972]} 1. e4 e5 2. Nf3 Nc6 3. Bc4 Bc5 4. c3 Nf6 5. d3 {[%cal Bd2d3,Bd3d4][%mdl 32]} d6 6. O-O a6 7. Re1 {C54: Giuoco Piano: 4 c3 Nf6, main lines with 5 d4 and 5 d3} Ba7 (7... O-O 8. h3 Ba7 9. Bb3 Re8 10. Nbd2 Be6 11. Bc2 h6 12. Nf1 d5 13. exd5 Bxd5 14. Ng3 Qd7 15. Be3 Bxe3 16. Rxe3 Re7 17. Nh4 g6 18. c4 Be6 19. Qf3 Kg7 {½-½ (27) Giri,A (2785)-Nakamura,H (2786) Moscow 2017}) 8. a4 O-O 9. h3 Ne7 10. d4 Ng6 11. Nbd2 c6 {LiveBook: 5 Games} 12. Bd3 Re8 $146 ({Predecessor:} 12... exd4 13. Nxd4 Re8 14. N2f3 Bd7 15. Bc2 d5 16. exd5 Rxe1+ 17. Qxe1 Nxd5 18. Bg5 {½-½ (41) Sjugirov,S (2660)-Eliseev,U (2606) St Petersburg 2016}) 13. Bc2 h6 14. Nf1 exd4 15. cxd4 c5 16. d5 b5 17. axb5 axb5 18. Ng3 Bd7 19. Be3 Bb6 20. Rxa8 Qxa8 21. b4 Qa7 22. Qa1 Qc7 23. Bxh6 cxb4 24. Bxg7 Qxc2 ({Much worse is} 24... Bxf2+ 25. Kxf2 Qxc2+ 26. Re2 $16) 25. Qxf6 {Bh6 would kill now.} Qxf2+ (25... Bxf2+ $11 26. Kh2 Qc3) 26. Kh2 $16 {Intending Bh6 and mate.} Bd8 27. Qxd6 $40 {[%mdl 128] White is out for blood.} Nh4 $2 {[#]} (27... Bxh3 $16 28. Kxh3 Kxg7) 28. Nxh4 $1 $18 {[%mdl 512]} Bxh4 {[#]} 29. Nh5 $1 {White wants to mate with Qh6.} Bxh3 {[%csl Gh3][%cal Rf2g2]} ({Stronger than} 29... Qxe1 30. Qh6 f6 31. Bxf6 Qg3+ 32. Nxg3 Bxf6 33. Qxf6 Kh7 34. Qf7+ Kh6 35. Qxd7) 30. Rg1 Bg5 $2 (30... Be6) 31. Bf6 Bg4 {[%cal Rf2h4]} 32. Bxg5 {Threatening mate with Nf6+.} Bxh5 33. Qh6 {Bf6 is the strong threat.} Rxe4 {( -> ...Rh4+!)} 34. Qxh5 Qf5 35. Qh6 b3 36. Bf6 {[%csl Gf6][%cal Rh6h8] White mates.} Qf4+ 37. Qxf4 Rxf4 38. d6 Rxf6 39. Rd1 Rh6+ 40. Kg1 {Precision: White = 90%, Black = 37%.} 1-0

[Event "Altibox Norway Chess 2017"]
[Site "Stavanger"]
[Date "2017.06.14"]
[Round "7"]
[White "Vachier-Lagrave, Maxime"]
[Black "Giri, Anish"]
[Result "0-1"]
[WhiteElo "2796"]
[BlackElo "2771"]
[Annotator "TA"]
[PlyCount "66"]
[EventDate "2017.??.??"]
[EventType "tourn"]
[EventCountry "NOR"]
[SourceTitle "playchess.com"]
[Source "ChessBase"]
[SourceQuality "1"]

{[%evp 22,66,35,28,31,27,24,19,29,21,28,33,26,32,18,22,22,0,0,0,0,-22,-25,-53,-33,-55,-54,-129,-125,-130,-131,-126,-121,-121,-124,-193,-220,-253,-181,-296,-294,-558,-545,-1642,-1437,-1962,-1962]} 1. e4 c5 2. Nf3 Nc6 3. Nc3 g6 4. d4 cxd4 5. Nxd4 Bg7 6. Be3 Nf6 7. Bc4 O-O 8. Bb3 d6 9. f3 Bd7 10. Qd2 Nxd4 11. Bxd4 b5 12. a4 b4 {B77: Sicilian Dragon: Yugoslav Attack, 9 Bc4 sidelines} (12... bxa4 13. Nxa4 Be6 14. Bxe6 fxe6 15. O-O Qc7 16. Kh1 Rfc8 17. Nc3 a6 18. Ra2 Qc4 19. Qd3 Rab8 20. Rd1 Nxe4 21. Qxe4 Bxd4 22. Qxd4 Qxd4 23. Rxd4 Rxc3 {0-1 (66) Grigoriants,S (2563)-Navara,D (2725) Tallinn 2016}) 13. Nd5 Nxd5 $1 14. Bxg7 Kxg7 {The position is equal.} 15. exd5 Qb6 16. h4 h5 17. O-O-O Qa5 18. g4 Bxa4 19. Kb1 $146 {gxh5 is the strong threat.} ({Predecessor:} 19. Bxa4 Qxa4 20. Qd4+ {0-1 (34) Shomoev,A (2482)-Savchenko,B (2569) Moscow 2006}) 19... Bxb3 20. cxb3 {Strongly threatening gxh5.} Rh8 $36 {[%mdl 2048] Black is pushing.} 21. Rc1 Rae8 22. Rc6 Qb5 23. Rc7 a5 24. g5 (24. Qd4+ $15 Kg8 25. g5) 24... a4 $17 25. Qd4+ Kh7 26. bxa4 Qxa4 27. Re1 {[#]} Rhf8 $1 28. Ra7 {[#]} (28. Rexe7 $17 Rxe7 29. Rxe7) 28... Qb5 $1 $19 ({Wrong is} 28... Qb3 $2 29. Re3 $18) 29. f4 Kg8 {aiming for ...Ra8.} 30. f5 (30. b3 {was the only defense.}) 30... gxf5 31. Kc2 $2 (31. b3 {might work better.}) 31... b3+ {Black is clearly winning.} 32. Kd1 Rc8 33. g6 Rc5 {Precision: White = 18%, Black = 98%.} 0-1

[Event "Altibox Norway Chess 2017"]
[Site "Stavanger"]
[Date "2017.06.14"]
[Round "7"]
[White "Anand, Viswanathan"]
[Black "Nakamura, Hikaru"]
[Result "1/2-1/2"]
[WhiteElo "2786"]
[BlackElo "2785"]
[Annotator "TA"]
[PlyCount "92"]
[EventDate "2017.??.??"]
[EventType "tourn"]
[EventCountry "NOR"]
[SourceTitle "playchess.com"]
[Source "ChessBase"]
[SourceQuality "1"]

{[%evp 19,92,12,31,1,10,0,0,0,0,6,7,13,0,0,14,14,8,0,0,0,0,0,0,2,8,8,42,0,0,0,0,0,6,-6,-6,-6,-6,-7,-7,-7,-7,-7,-7,-5,4,7,0,0,0,0,8,0,0,0,0,0,0,0,0,0,0,0,0,0,0,0,0,0,0,0,0,0,0,0,0]} 1. e4 e5 2. Nf3 Nc6 3. Bc4 Bc5 4. d3 Nf6 5. c3 d6 6. O-O a6 7. a4 O-O 8. Re1 Ba7 9. h3 Ne7 10. Nbd2 Ng6 {LiveBook: 25 Games. C54: Giuoco Piano: 4 c3 Nf6, main lines with 5 d4 and 5 d3} 11. Bb3 Be6 $146 ({Predecessor:} 11... Re8 12. d4 h6 13. Bc2 c6 14. Nf1 d5 15. Nxe5 Nxe5 16. dxe5 Nxe4 17. Bxe4 dxe4 18. Qxd8 Rxd8 {½-½ (34) Anand,V (2770)-Aronian,L (2792) Saint Louis 2016}) 12. d4 Bxb3 13. Qxb3 Qd7 14. Nf1 exd4 15. cxd4 d5 $1 16. e5 Ne4 17. N1d2 ({Don't blunder} 17. Qxb7 $2 Rfb8 $19) 17... c5 18. Nxe4 dxe4 19. Rxe4 cxd4 20. e6 fxe6 21. Rxe6 Kh8 22. Bg5 Qf7 23. Qd5 Rae8 {The position is equal.} 24. Rae1 h6 25. Bd2 d3 26. Rd6 {[#] Hoping for Qxf7.} Qxd5 27. Rxd5 Re2 28. Rxd3 Bxf2+ 29. Kf1 $132 {[%mdl 2048] White is not keeping still} Rxe1+ 30. Nxe1 Ne5 31. Rb3 $1 Be3+ 32. Ke2 Bxd2 33. Kxd2 $11 {[%mdl 4096] Endgame KRN-KRN} Rf2+ 34. Kc3 Re2 {[#] White must now prevent ...Re3+.} 35. Nd3 Nxd3 $1 36. Kxd3 Rxg2 {Threatens to win with ...Rg3+.} 37. Rxb7 {KR-KR} Rg3+ 38. Kc4 Rxh3 39. Ra7 Rh4+ 40. Kb3 g5 41. a5 Rf4 42. Rxa6 Kg7 43. Ra7+ Kg6 44. Ra8 {aiming for a6.} (44. a6 $5 {[%cal Ra7a8]} Rf8 45. Rd7 $11) 44... Kg7 45. Ra7+ Kg6 46. Ra8 {Strongly threatening a6.} (46. a6 $5 {[%cal Ra7a8]} Rf8 47. Rc7 $11) 46... Kg7 {Precision: White = 60%, Black = 85%.} 1/2-1/2

[Event "Altibox Norway Chess 2017"]
[Site "Stavanger"]
[Date "2017.06.14"]
[Round "7"]
[White "Karjakin, Sergey"]
[Black "Aronian, Levon"]
[Result "0-1"]
[WhiteElo "2781"]
[BlackElo "2793"]
[Annotator "TA"]
[PlyCount "82"]
[EventDate "2017.??.??"]
[EventType "tourn"]
[EventCountry "NOR"]
[SourceTitle "playchess.com"]
[Source "ChessBase"]
[SourceQuality "1"]

{[%evp 9,82,19,21,9,16,18,23,18,29,31,22,22,17,15,30,13,16,0,19,20,22,29,22,33,33,30,25,16,20,28,34,29,30,10,33,35,55,54,51,26,24,0,4,0,25,0,0,-16,-30,-30,-21,-23,-16,-108,-72,-189,-208,-459,-431,-458,-450,-543,-527,-776,-767,-760,-752,-766,-766,-705,-727,-694,-678,-6195,-6195]} 1. e4 e5 2. Nf3 Nc6 3. Bc4 Bc5 4. O-O Nf6 5. d3 O-O 6. a4 {C50: Hungarian Defence and Giuoco Pianissimo} (6. h3 d5 7. exd5 Nxd5 8. Re1 Be6 9. c3 Bb6 10. Bb3 f6 11. d4 Bf7 12. dxe5 Nxe5 13. Bxd5 Bxd5 14. Nxe5 fxe5 15. Be3 Bc6 {1-0 (58) Karjakin,S (2785)-Aronian,L (2780) Wijk aan Zee 2017}) 6... a5 7. Bg5 h6 8. Bh4 {White has an edge.} Be7 9. Bg3 d6 $1 10. h3 Kh8 $146 ({Predecessor:} 10... Nd7 11. Re1 Kh8 12. c3 Nb6 13. Bb3 f5 14. exf5 Bxf5 {½-½ (25) Caruana,F (2808)-Aronian,L (2793) Stavanger 2017}) 11. c3 Nh7 12. Qb3 f5 13. exf5 Bf6 14. Be6 Ne7 15. Nh4 Qe8 16. Bxc8 Rxc8 17. Ng6+ Nxg6 18. fxg6 Qxg6 19. Qxb7 Ng5 20. h4 Ne6 21. Qe4 $1 {[%cal Re4g6]} Qh5 22. Nd2 Nf4 23. Bxf4 exf4 24. Qf3 Qxh4 25. Rfe1 {[%cal Bf1e1,Be1e6,Be6g6][%mdl 32]} Rb8 26. Nc4 g5 {aiming for ...g4.} 27. Re6 Bg7 28. Rg6 Rbe8 $36 {[%mdl 2048] White is under pressure.} 29. d4 Kh7 30. Qd3 Kg8 31. d5 (31. Nxa5 f3 $17) (31. Qf3 $1 $11) 31... f3 32. gxf3 (32. g3 $17 Qh3 33. Qf1) 32... Rf4 $1 $19 {Threatens to win with ...Qh3.} 33. Kg2 $2 {[#]} ({Wrong is} 33. Nxa5 $2 Qh3 $19) (33. Nd2) 33... Ref8 $1 {[%cal Be8f8,Bf8f5,Bf5e5][%mdl 32] Black is clearly winning.} (33... Rxc4 34. Rh1 $11) 34. Nd2 {[#]} g4 $1 ({Worse is} 34... Rg4+ 35. Kf1 $11) 35. Kg1 {Now Re1 and White clings on.} R8f5 36. Ne4 Rxf3 37. Qd4 Re5 38. Ng3 Rxg3+ $1 39. fxg3 Qxg3+ 40. Kf1 Kh7 {( -> ...Rf5+)} 41. Rxg7+ Kxg7 {Precision: White = 50%, Black = 78%.} 0-1